[Event "Regionalliga SW 0405"]
[Site "Bayern"]
[Date "2004.10.24"]
[Round "1.2"]
[White "Hopfauf, Fridolin"]
[Black "Wolf, Armin"]
[Result "1/2-1/2"]
[WhiteElo "2095"]
[BlackElo "2189"]
[PlyCount "102"]
[EventDate "2004.10.24"]
[EventType "team-tourn"]
[EventRounds "9"]
[EventCountry "GER"]
[SourceTitle "EXT 2007"]
[Source "ChessBase"]
[SourceDate "2006.11.23"]
[SourceVersion "1"]
[SourceVersionDate "2006.11.23"]
[SourceQuality "1"]
[WhiteTeam "Sonthofen"]
[BlackTeam "Haunstetten"]
[WhiteTeamCountry "GER"]
[BlackTeamCountry "GER"]

1. d4 Nf6 2. c4 g6 3. Nc3 Bg7 4. e4 d6 5. f3 0-0 6. Be3 c6 7. Qd2 a6 8. Bd3 b5 9. d5 bxc4 10. Bxc4 Bb7 11. Nge2 Qa5 12. 0-0 Rc8 13. Rad1 cxd5 14. Bxd5 Bxd5 15. Nxd5 Qxd2 16. Nxf6+ Bxf6 17. Rxd2 Nd7 18. Rfd1 Rc7 19. Nf4 Bg5 20. Kf2 Nf6 21. Ke2 Rac8 22. e5 dxe5 23. Ne6 fxe6 24. Rd8+ Kg7 25. Bxg5 Nd5 26. Rxc8 Rxc8 27. Rc1 Rb8 28. b3 Rb6 29. Rc4 h6 30. Bd2 g5 31. h4 Nf4+ 32. Kf2 Rd6 33. Bc3 Kf6 34. g3 Nd5 35. hxg5+ hxg5 36. Ba5 Kf5 37. Ke2 Nf6 38. g4+ Kg6 39. Bc7 Rd5 40. b4 Ne8 41. a4 Kf6 42. Ba5 Nd6 43. Rc6 e4 44. Rxa6 exf3+ 45. Kxf3 Rd4 46. b5 Rf4+ 47. Ke2 Rxg4 48. Bc3+ Kf5 49. Kd3 Ne4 50. Bb4 Nf2+ 51. Kc3 Ne4+ 1/2-1/2

[Event "Bad Woerishofen op 16th"]
[Site "Bad Woerishofen"]
[Date "2000.03.24"]
[Round "8"]
[White "Schiff, Armin"]
[Black "Hopfauf, Fridolin"]
[Result "1/2-1/2"]
[WhiteElo "2134"]
[BlackElo "2190"]
[PlyCount "83"]
[EventDate "2000.03.??"]
[EventType "swiss"]
[EventRounds "9"]
[EventCountry "GER"]
[SourceTitle "CBM 075 Extra"]
[Source "ChessBase"]
[SourceDate "2000.05.11"]
[SourceVersion "2"]
[SourceVersionDate "2000.05.11"]
[SourceQuality "1"]

1. d4 Nf6 2. c4 g6 3. Nc3 Bg7 4. e4 0-0 5. f3 d6 6. Be3 e5 7. d5 c6 8. dxc6 Nxc6 9. Qd2 Be6 10. Bd3 Nd4 11. Nge2 Rc8 12. b3 Nh5 13. 0-0 f5 14. Rad1 a6 15. Bb1 Nxe2+ 16. Nxe2 Rc6 17. c5 Qb8 18. exf5 gxf5 19. g4 fxg4 20. fxg4 Rxf1+ 21. Rxf1 Nf6 22. g5 Nd7 23. Be4 dxc5 24. Bxc6 bxc6 25. Ng3 Bd5 26. Nf5 Bf8 27. Qf2 Qb4 28. Nh6+ Bxh6 29. gxh6 Qg4+ 30. Qg3 Qxg3+ 31. hxg3 c4 32. b4 c3 33. Rc1 Bxa2 34. Rxc3 Bd5 35. g4 Kf7 36. g5 Kg6 37. Ra3 Bc4 38. Bc1 e4 39. Rc3 Ne5 40. Bf4 Nf3+ 41. Kf2 Bd5 42. Rxf3 1/2-1/2